Comuni del Veneto con la B - Statistics

Statistiche generali
  • Questo quiz è stato fatto 51 volte
  • Il punteggio medio è 13 su 37
Statistiche sulle risposte
Comune % Corretto
Belluno
78%
Bassano del Grappa
74%
Bovolone
56%
Badia Polesine
52%
Bardolino
48%
Borca di Cadore
48%
Borso del Grappa
48%
Bovolenta
48%
Borgo Valbelluna
44%
Breganze
44%
Bussolengo
44%
Belfiore
41%
Battaglia Terme
37%
Bosco Chiesanuova
37%
Barbarano Mossano
33%
Bergantino
33%
Boara Pisani
33%
Bolzano Vicentino
33%
Breda di Piave
33%
Brentino Belluno
33%
Barbona
30%
Bevilacqua
30%
Bonavigo
30%
Borgoricco
30%
Boschi Sant'Anna
30%
Brendola
30%
Badia Calavena
26%
Baone
26%
Borgo Veneto
26%
Bosaro
26%
Brenzone sul Garda
26%
Bressanvido
26%
Brogliano
26%
Buttapietra
22%
Bagnoli di Sopra
19%
Bagnolo di Po
19%
Brugine
19%
Nessun quiz corrispondente trovato
Distribuzione punteggi
Percentuale di utenti per punteggio
Percentile per numero di risposta
I tuoi punteggi nel tempo
Non hai fatto questo quiz